MARC details
| 000 -LEADER |
| fixed length control field |
00729cab a2200181 4500 |
| 001 - CONTROL NUMBER |
| control field |
L129882 |
| 008 - FIXED-LENGTH DATA ELEMENTS--GENERAL INFORMATION |
| fixed length control field |
050601n2005 000 0 eng u |
| 035 ## - SYSTEM CONTROL NUMBER |
| System control number |
(Sirsi) u129882 |
| 041 ## - LANGUAGE CODE |
| Language code of text/sound track or separate title |
eng |
| 245 ## - TITLE STATEMENT |
| Title |
Services |
| 260 ## - PUBLICATION, DISTRIBUTION, ETC. |
| Date of publication, distribution, etc. |
2005 |
| 490 ## - SERIES STATEMENT |
| Series statement |
Building |
| Volume/sequential designation |
270(8382) 20 May 2005, 68-73(6) |
| 520 ## - SUMMARY, ETC. |
| Summary, etc. |
Specialist market focus on the service sector. Includes a market overview, the latest developments in the sector such as changes in the Building Regulations, cost information and key design considerations. Includes 20 key players from the mechanical, electrical and plumbing suppliers' directory. |
| 590 ## - LOCAL NOTE (RLIN) |
| Local note |
IKA070605 |
| 690 ## - LOCAL SUBJECT ADDED ENTRY--TOPICAL TERM (OCLC, RLIN) |
| Topical term or geographic name as entry element |
BUILT ENVIRONMENT-BUILDING COSTS |
| 690 ## - LOCAL SUBJECT ADDED ENTRY--TOPICAL TERM (OCLC, RLIN) |
| Topical term or geographic name as entry element |
Block management |
| 9 (RLIN) |
6220 |
| 942 ## - ADDED ENTRY ELEMENTS (KOHA) |
| Suppress in OPAC |
0 |